000
00328nam a2200133Ia 4500
008
191201s2009 xx 000 0 und d
020
_a
9788176563581
100
_a
KANETKAR, Yashavant
245
0
_a
Understanding Pointers in C
260
_a
N. Delhi
_b
BPB Publication
_c
2009
300
_a
539
650
_a
MCA
942
_2
ddc
_c
BK
999
_c
6087
_d
6087